Valuation of financial derivatives

Numerické metódy pre určenie ceny opcie. Schéma tvorby praktickej nejdenotnej mriežky; jednotnej mriežky s požadovanými úrovňami, priestorovými a časovými vlastnosťami.

Gespeichert in:
Bibliographische Detailangaben
1. Verfasser: Cassader, Marco
Format: Buchkapitel
Sprache:Englisch
Schlagworte:
Tags: Tag hinzufügen
Keine Tags, Fügen Sie das erste Tag hinzu!

MARC

LEADER 00000naa a2200000 4500
001 0214323
005 20230803102149.2
041 0 |a eng 
044 |a CZ 
245 1 0 |a Valuation of financial derivatives  |c Marco Cassader 
520 |a Numerické metódy pre určenie ceny opcie. Schéma tvorby praktickej nejdenotnej mriežky; jednotnej mriežky s požadovanými úrovňami, priestorovými a časovými vlastnosťami. 
610 2 0 |a oceňovanie 
610 2 0 |a opcie 
610 2 0 |a deriváty 
100 1 |a Cassader, Marco